000 00563nam a2200169Ia 4500
003 LK-CoDNM
005 20240312113321.0
008 010623t1932 xxu||||| |||| 00| 1 sin d
040 _aLK-CoDNM
_dLK-CoDNM
_eLK-CoDNM
041 _asin
080 _a104 CC7
245 _aපරීක්ෂණාගාරය රහිත මුලික විද්‍යාභ්‍යාසන්මය
246 _aPareekshanaagaraya rahitha muulika vidyabyaasanmaya,Part III
260 _bMacmilan Co.
_aColombo
_c1932
300 _bDamaged
_a54p.,iill,18 cm
942 _cBK
999 _c96323
_d96323